Score 0/21 Timer 04:00
0 Plays Today
Question Answer % Correct
What is the name of the leader of the musketeers?Athos
97.8%
Which of the musketeers was the last to join the regiment?D'Artagnan
92%
Who is he married to?Anne
88.5%
True or false: Queen Anne has once miscarried a child.True
88.1%
True or false: D'Artagnan has a sexual affair with Constance Bonacieux.False
86.9%
Which musketeer has a child with the Queen?Aramis
85.9%
Which character hired Milady de Winter?Cardinal Richelieu
85.6%
How old was Aramis when he was forced to marry this woman?16
84.6%
What is the name of Athos' wife?Milady
83.3%
In Series 2, Episode 1, which musketeer's father is half-revealed?Porthos
83%
What was the name of the King's older twin brother?Phillippe
70.2%
Question Answer % Correct
In Episode 9 of Series 1, who does Aramis see from his past for the first time in years?Isabelle
68.9%
What was the name of the Cardinal's mistress whom Aramis had an affair with?Adele
65.4%
What is the name of the current French ruler in 'The Musketeers?'Louis XIII
62.8%
Why was he forced to marry her?He got her pregnant
62.5%
What was the name of this person's son?Henry
43.6%
What was the name of the major battle in which Aramis fought in?Battle of Savoy
26.6%
What is the name that this woman goes by now?Sister Helene
24.4%
What is the name of the widow whom Porthos falls in love with?Alice
22.1%
Who was the King's father?Henry IV
18.9%
What was name of Vinnie Jones's character in Series 1?Labarge
17.3%
Remove Ads.
Support Sporcle.
Get the best of Sporcle when you Go Orange. This ad-free experience offers more features, more stats, and more fun while also helping to support Sporcle. Thank you for becoming a member.

You're not logged in!

Compare scores with friends on all Sporcle quizzes.
OR
Log In

Show Comments

Extras

Top Quizzes Today


Score Distribution

Your Account Isn't Verified!

In order to create a playlist on Sporcle, you need to verify the email address you used during registration. Go to your Sporcle Settings to finish the process.

Report this User

Report this user for behavior that violates our Community Guidelines.

Details: